[Event "Ct. Lleida femeni"]
[Site "?"]
[Date "2011.11.05"]
[Round "4.1"]
[White "Clua Guardia, M."]
[Black "Montoliu Daroca, I."]
[Result "1/2-1/2"]
[WhiteElo "1718"]
[BlackElo "1949"]
[PlyCount "110"]
[EventDate "2011.??.??"]
[EventType "tourn"]

1. c4 e5 2. Nc3 Nc6 3. g3 Nf6 4. Bg2 Bc5 5. e3 a6 6. Nge2 O-O 7. O-O d6 8. b3
Bf5 9. d4 exd4 10. Nxd4 Nxd4 11. exd4 Bb4 12. Bb2 Qc8 13. Qf3 c6 14. a3 Ba5 15.
b4 Bb6 16. Na4 Bc7 17. d5 Be4 18. Qf4 Bxg2 19. Kxg2 Qg4 20. Qxg4 Nxg4 21. dxc6
bxc6 22. Rfe1 Rfe8 23. c5 d5 24. Nb6 Rad8 25. Rad1 Kf8 26. Rxe8+ Rxe8 27. h3
Nh6 28. Bc3 Bxb6 29. cxb6 Rb8 30. Bd4 Nf5 31. Bc5+ Kg8 32. Re1 g6 33. g4 Ng7
34. Re7 Ne6 35. b7 Nxc5 36. bxc5 Kg7 37. Rc7 d4 38. Rxc6 a5 39. Rd6 Rxb7 40.
Rxd4 Rc7 41. Rd5 Kf6 42. f4 a4 43. Kf3 Ke6 44. Ke4 f6 45. Rd6+ Ke7 46. Kd5 h6
47. h4 Ra7 48. Kc4 Rb7 49. g5 hxg5 50. hxg5 fxg5 51. fxg5 Kf7 52. c6 Rc7 53.
Kd5 Rc8 54. Rd7+ Ke8 55. Ke6 Rxc6+ 1/2-1/2

[Event "Ct. Lleida femeni"]
[Site "?"]
[Date "2011.11.05"]
[Round "4.2"]
[White "Camarasa Mirada, MT."]
[Black "Borras Camarasa, J."]
[Result "0-1"]
[WhiteElo "1700"]
[BlackElo "1700"]
[PlyCount "106"]
[EventDate "2011.??.??"]
[EventType "tourn"]

1. e4 e5 2. Nf3 Nc6 3. d3 h6 4. Nc3 Nf6 5. Nd5 Be7 6. c4 d6 7. Be2 O-O 8. O-O
Be6 9. b3 Nd4 10. Nxd4 exd4 11. Bb2 c6 12. Nxf6+ Bxf6 13. f3 Rb8 14. a4 a6 15.
Ra3 b5 16. Qa1 d5 17. Bxd4 Bxd4+ 18. Qxd4 dxc4 19. Qc5 cxd3 20. Rd1 Qb6 21. Qf2
Qxf2+ 22. Kxf2 dxe2 23. Kxe2 Rfd8 24. Rc1 bxa4 25. bxa4 Rb2+ 26. Ke3 Rdd2 27.
Rxc6 Re2+ 28. Kd4 Rbd2+ 29. Kc5 Rc2+ 30. Kb6 Rxc6+ 31. Kxc6 Rxg2 32. a5 Rg6 33.
Kb6 Bg4+ 34. Ka7 Bc8 35. Rc3 Be6 36. Kxa6 Bc4+ 37. Ka7 Ra6+ 38. Kb7 Be2 39.
Rc8+ Kh7 40. f4 Rxa5 41. Kc7 Rc5+ 42. Kd8 Rxc8+ 43. Kxc8 Kg6 44. f5+ Kf6 45.
Kd8 Bd3 46. e5+ Kxe5 47. Ke7 Kxf5 48. Kxf7 g5 49. Kg7 h5 50. Kh6 Kg4 51. h3+
Kh4 52. Kg7 g4 53. hxg4 hxg4 0-1

[Event "Ct. Lleida femeni"]
[Site "?"]
[Date "2011.11.12"]
[Round "5.1"]
[White "Camarasa Mirada, MT."]
[Black "Clua Guardia, M."]
[Result "0-1"]
[WhiteElo "1700"]
[BlackElo "1718"]
[PlyCount "58"]
[EventDate "2011.??.??"]
[EventType "tourn"]

1. e4 c5 2. Bc4 Nc6 3. d3 g6 4. Nc3 Bg7 5. Nf3 d6 6. Be3 Nf6 7. Nb5 O-O 8. O-O
a6 9. Nc3 e6 10. d4 Ng4 11. dxc5 Nxe3 12. fxe3 dxc5 13. Ng5 Qxg5 14. Qe2 b5 15.
Bd3 c4 16. Bxc4 bxc4 17. Rae1 Bxc3 18. bxc3 Qc5 19. Rf4 e5 20. Rh4 Qe7 21. g3
Be6 22. Rb1 Rab8 23. Rf1 f5 24. exf5 Rxf5 25. e4 Rxf1+ 26. Qxf1 Qc5+ 27. Kg2
Qe3 28. Qf2 Qxf2+ 29. Kxf2 Rb2 0-1

[Event "Ct. Lleida femeni"]
[Site "?"]
[Date "2011.11.12"]
[Round "5.2"]
[White "Borras Camarasa, J."]
[Black "Montoliu Daroca, I."]
[Result "0-1"]
[WhiteElo "1700"]
[BlackElo "1949"]
[PlyCount "64"]
[EventDate "2011.??.??"]
[EventType "tourn"]

1. e4 c5 2. Nf3 Nc6 3. Nc3 d6 4. Be2 g6 5. O-O Bg7 6. d3 Nf6 7. Be3 O-O 8. d4
cxd4 9. Nxd4 a6 10. a4 Qc7 11. Bf3 Ne5 12. Bf4 Nxf3+ 13. Qxf3 e5 14. Bxe5 dxe5
15. Nde2 b6 16. Rad1 Bb7 17. Rfe1 Rad8 18. Ng3 Rxd1 19. Rxd1 Rd8 20. b3 Rxd1+
21. Qxd1 h6 22. Qe2 Qxc3 23. f3 Nd7 24. Nf1 Nc5 25. Nd2 Qxc2 26. Qe1 Nxb3 27.
Nb1 Nd4 28. Na3 Qxa4 29. Nb1 Qc2 30. Nd2 Bf8 31. Qe3 Bc5 32. Qxh6 Nf5+ 0-1

[Event "Ct. Lleida femeni"]
[Site "?"]
[Date "2011.11.19"]
[Round "6.1"]
[White "Clua Guardia, M."]
[Black "Borras Camarasa, J."]
[Result "0-1"]
[WhiteElo "1718"]
[BlackElo "1700"]
[PlyCount "20"]
[EventDate "2011.??.??"]
[EventType "tourn"]

1. e4 e5 2. Nc3 Nf6 3. g3 Nc6 4. Bg2 Bc5 5. a3 O-O 6. Nge2 Be7 7. O-O d6 8. b3
Bd7 9. d4 exd4 10. Nxd4 Re8 {irreproduible} 0-1

[Event "Ct. Lleida femeni"]
[Site "?"]
[Date "2011.11.19"]
[Round "6.2"]
[White "Montoliu Daroca, I."]
[Black "Camarasa Mirada, MT."]
[Result "1-0"]
[WhiteElo "1949"]
[BlackElo "1700"]
[PlyCount "45"]
[EventDate "2011.??.??"]
[EventType "tourn"]

1. c4 e5 2. Nc3 Nc6 3. g3 d6 4. Bg2 Nd4 5. e3 Nf5 6. Nge2 Be7 7. O-O Bg5 8. d4
c5 9. dxc5 dxc5 10. b3 Nge7 11. Qxd8+ Kxd8 12. Ba3 b6 13. Bxa8 Nd6 14. Rad1 Kc7
15. Bb2 f6 16. Rd2 Kb8 17. Bg2 Rd8 18. Rfd1 Nef5 19. Nd5 Be6 20. Nec3 h5 21.
Ne7 Nxe7 22. Rxd6 Rxd6 23. Rxd6 1-0

[Event "Ct. Lleida indiv. Absolut A"]
[Site "?"]
[Date "2011.10.09"]
[Round "1.1"]
[White "Sanuy Moncasi, A."]
[Black "Trepat Herranz, J."]
[Result "1/2-1/2"]
[WhiteElo "1978"]
[BlackElo "2348"]
[PlyCount "73"]
[EventDate "2011.??.??"]
[EventType "swiss"]

1. d4 e6 2. Nf3 b6 3. Bg5 f6 4. Bf4 Bb7 5. Nbd2 f5 6. Bg5 Nf6 7. e3 Be7 8. Bd3
O-O 9. Qe2 c5 10. c3 Ne4 11. Bxe7 Qxe7 12. O-O-O d6 13. h4 Nd7 14. Rdg1 Ndf6
15. Ng5 Rac8 16. Rh3 Nxd2 17. Kxd2 h6 18. Nf3 Be4 19. Ne1 e5 20. f3 Bxd3 21.
Qxd3 cxd4 22. exd4 exd4 23. Qxd4 Rfe8 24. Nd3 Qf7 25. b3 Nd5 26. c4 Nc7 27. g4
Ne6 28. Qd5 fxg4 29. Rxg4 Nc7 30. Qxf7+ Kxf7 31. Rhg3 Rg8 32. Nf4 Rcd8 33. Nh5
Ne6 34. Nf4 Nc7 35. Nh5 Ne6 36. Nf4 Nc7 37. Nh5 1/2-1/2

[Event "Ct. Lleida indiv. Absolut A"]
[Site "?"]
[Date "2011.10.09"]
[Round "1.2"]
[White "Ramon Solans, A."]
[Black "Perez Cabas, J."]
[Result "1-0"]
[WhiteElo "2280"]
[BlackElo "1964"]
[PlyCount "25"]
[EventDate "2011.??.??"]
[EventType "swiss"]

1. d4 Nf6 2. Nf3 c5 3. d5 e6 4. Nc3 d6 5. e4 exd5 6. exd5 Qe7+ 7. Be2 g6 8. O-O
Bg7 9. Bb5+ Kf8 10. Re1 Qc7 11. Qe2 Nbd7 12. Qe7+ Kg8 13. Ng5 1-0

[Event "Ct. Lleida indiv. Absolut A"]
[Site "?"]
[Date "2011.10.09"]
[Round "1.3"]
[White "Biosca Lacasa, J."]
[Black "Monell Camarasa, D."]
[Result "0-1"]
[WhiteElo "1957"]
[BlackElo "2212"]
[PlyCount "168"]
[EventDate "2011.??.??"]
[EventType "swiss"]

1. d4 d5 2. Nf3 Nf6 3. Bf4 c6 4. Nbd2 Bf5 5. e3 e6 6. Be2 Qb6 7. Qc1 Nbd7 8. a4
a6 9. h3 h6 10. O-O Rc8 11. Ne5 Nxe5 12. Bxe5 Be7 13. c3 O-O 14. a5 Qd8 15. b4
Nd7 16. Bg3 f6 17. Nb3 e5 18. Nc5 Qc7 19. Qd2 Bd6 20. Bh2 Rf7 21. c4 exd4 22.
Bxd6 Qxd6 23. Nxb7 Qc7 24. Nc5 Nxc5 25. bxc5 dxe3 26. fxe3 Be4 27. cxd5 cxd5
28. Bxa6 Ra8 29. Bd3 Qxc5 30. Rfc1 Qa7 31. Bb5 Rd8 32. Ra4 f5 33. Rac4 f4 34.
Rxe4 f3 35. Re8+ Rxe8 36. Bxe8 f2+ 37. Kf1 Rf8 38. Bg6 Qa6+ 39. Bd3 Qd6 40. Be4
Kh8 41. Bxd5 Qh2 42. Ke2 Qg1 43. Rf1 Rb8 44. Rxf2 Qb1 45. Ba2 Qa1 46. Kf3 Qf6+
47. Kg3 Qe5+ 48. Kf3 Qf6+ 49. Ke2 Qe5 50. Bb1 Qh5+ 51. Rf3 Rxb1 52. Qd8+ Kh7
53. Qd3+ Qg6 54. Qxg6+ Kxg6 55. Rf8 Ra1 56. Ra8 Ra2+ 57. Kf3 Kf5 58. a6 h5 59.
g4+ hxg4+ 60. hxg4+ Kg5 61. a7 Ra3 62. Rg8 Rxa7 63. Re8 Ra5 64. Rh8 g6 65. Rd8
Ra4 66. Rd5+ Kh4 67. Rd4 Ra1 68. Rd2 Rg1 69. Rd4 g5 70. Rd2 Rg3+ 71. Ke4 Kxg4
72. Rf2 Rg1 73. Kd4 Rd1+ 74. Ke5 Kg3 75. Rf5 g4 76. e4 Kh4 77. Ke6 g3 78. e5 g2
79. Rf8 g1=Q 80. Rh8+ Kg5 81. Rg8+ Kh6 82. Rxg1 Rxg1 83. Kf7 Rf1+ 84. Ke8 Re1
0-1

[Event "Ct. Lleida indiv. Absolut A"]
[Site "?"]
[Date "2011.10.09"]
[Round "1.4"]
[White "Campos Olaya, I."]
[Black "Degracia Burgues, JA."]
[Result "1-0"]
[WhiteElo "2173"]
[BlackElo "1915"]
[PlyCount "103"]
[EventDate "2011.??.??"]
[EventType "swiss"]

1. e4 e5 2. Nf3 Nc6 3. d4 exd4 4. Bc4 Be7 5. c3 d3 6. O-O d6 7. Bf4 Nf6 8. Qxd3
O-O 9. h3 Nd7 10. Qe2 Nde5 11. Bd5 Nxf3+ 12. Qxf3 Be6 13. Re1 Ne5 14. Qe2 c6
15. Bb3 Bxb3 16. axb3 Bg5 17. Bg3 Qb6 18. Kh2 Be7 19. Nd2 f5 20. f4 Nd7 21.
exf5 Rf7 22. b4 Qc7 23. Nf3 h6 24. Nd4 Nf8 25. Ne6 Nxe6 26. fxe6 Rff8 27. Qg4
a5 28. bxa5 Rxa5 29. Rxa5 Qxa5 30. Bh4 Qd8 31. Bxe7 Qxe7 32. f5 c5 33. c4 Kh8
34. b3 Rb8 35. Qg6 Rf8 36. Re3 Rf6 37. Qg4 Rf8 38. Qe4 Ra8 39. Rf3 Rf8 40. g4
Kg8 41. Kg3 Kh8 42. h4 Rf6 43. g5 Rf8 44. Kg4 Rf7 45. Qf4 h5+ 46. Kg3 Rf8 47.
g6 Qf6 48. Qg5 Qxg5+ 49. hxg5 d5 50. cxd5 c4 51. e7 Rc8 52. d6 1-0

[Event "Ct. Lleida indiv. Absolut A"]
[Site "?"]
[Date "2011.10.09"]
[Round "1.6"]
[White "Gutierrez Martos, FE."]
[Black "Parramon Guillaumet, J."]
[Result "0-1"]
[WhiteElo "2072"]
[BlackElo "1905"]
[PlyCount "81"]
[EventDate "2011.??.??"]
[EventType "swiss"]

1. d4 Nf6 2. Nc3 e6 3. Bg5 Be7 4. Nf3 h6 5. Bxf6 gxf6 6. e4 b6 7. Qd2 Bb7 8. d5
a5 9. g3 Na6 10. Bh3 Nc5 11. O-O-O Ba6 12. Rhe1 b5 13. dxe6 dxe6 14. Qf4 Bd6
15. Qh4 Qe7 16. Nd4 Kd7 17. Nd5 Qd8 18. Nxf6+ Kc8 19. e5 Be7 20. Nc6 Qf8 21.
Qf4 b4 22. Bg2 Bb7 23. Rd4 Ra6 24. Nxe7+ Qxe7 25. Bxb7+ Kxb7 26. Red1 Rc6 27.
Kb1 h5 28. h4 Na4 29. Rc4 Rxc4 30. Qxc4 Qc5 31. Qe4+ Ka7 32. Qd4 Qxd4 33. Rxd4
Nb6 34. c3 bxc3 35. bxc3 Kb7 36. Kc2 Kc6 37. Kd3 Nd5 38. Ne4 Rd8 39. a3 Rb8 40.
Ra4 Rb5 41. Rc4+ {irreproduible} 0-1

[Event "Ct. Lleida indiv. Absolut A"]
[Site "?"]
[Date "2011.10.09"]
[Round "1.8"]
[White "Monfa Sole, R."]
[Black "Alba Tarradelles, J."]
[Result "1-0"]
[WhiteElo "2040"]
[BlackElo "1888"]
[PlyCount "69"]
[EventDate "2011.??.??"]
[EventType "swiss"]

1. d3 d5 2. a3 Nf6 3. Bg5 Nbd7 4. Nd2 e5 5. e4 Be7 6. Ngf3 dxe4 7. dxe4 c6 8.
Bc4 Qc7 9. O-O O-O 10. Qe2 Rd8 11. Bh4 Nf8 12. Ng5 Be6 13. Nxe6 Nxe6 14. Bxe6
fxe6 15. Nf3 h6 16. Bg3 Nd7 17. Qc4 Kf7 18. Rad1 Bf6 19. Nd4 Nf8 20. Nf3 Rxd1
21. Rxd1 Ng6 22. Qc3 Rd8 23. Rd3 Rxd3 24. cxd3 Nf4 25. Bxf4 exf4 26. e5 Be7 27.
Qc4 g5 28. g3 fxg3 29. hxg3 Qd7 30. Qe4 Bf8 31. Nh2 Qd5 32. Qh7+ Bg7 33. Ng4
Qf3 34. Nxh6+ Kf8 35. Qg8+ 1-0

[Event "Ct. Lleida indiv. Absolut A"]
[Site "?"]
[Date "2011.10.09"]
[Round "1.9"]
[White "Rodon Balcells, J."]
[Black "Aranzana Areste, A."]
[Result "0-1"]
[WhiteElo "1879"]
[BlackElo "2032"]
[PlyCount "47"]
[EventDate "2011.??.??"]
[EventType "swiss"]

1. e4 e6 2. d4 d5 3. Nd2 f5 4. exf5 exf5 5. Ngf3 Nf6 6. Ne5 Be7 7. Bd3 O-O 8.
O-O c5 9. c4 cxd4 10. cxd5 Nxd5 11. Bc4 Nc6 12. Re1 Bf6 13. Qb3 Nxe5 14. Bxd5+
Kh8 15. Nf3 Nxf3+ 16. Qxf3 Re8 17. Bd2 Bd7 18. Bxb7 Rb8 19. Bf4 Rxe1+ 20. Rxe1
Qa5 21. Rd1 Re8 22. g3 Qxa2 23. Bc6 Bxc6 24. Qxc6 {irreproduible} 0-1

[Event "Ct. Lleida indiv. Absolut A"]
[Site "?"]
[Date "2011.10.09"]
[Round "1.10"]
[White "Villa Gimenez, C."]
[Black "Palacios Exposito, P."]
[Result "1-0"]
[WhiteElo "2027"]
[BlackElo "1876"]
[PlyCount "75"]
[EventDate "2011.??.??"]
[EventType "swiss"]

1. e4 d6 2. d4 Nf6 3. Nc3 g6 4. f4 e5 5. dxe5 dxe5 6. Qxd8+ Kxd8 7. fxe5 Ng4 8.
Bg5+ Be7 9. Rd1+ Nd7 10. Bxe7+ Kxe7 11. Nd5+ Kd8 12. Nf3 Re8 13. Bd3 Ngxe5 14.
Nxe5 Rxe5 15. O-O c6 16. Nf6 Ke7 17. Ng4 Rg5 18. Nh6 Ne5 19. Ng8+ Kf8 20. Nf6
Kg7 21. h4 Rg3 22. Be2 Bh3 23. Kh2 Rxg2+ 24. Kxh3 Rxe2 25. Nd7 Re3+ 26. Kg2 Ng4
27. Rf4 h5 28. Nc5 Re2+ 29. Kg1 Rxc2 30. Rd7 Rf8 31. Ne6+ Kg8 32. Nxf8 Kxf8 33.
Rfxf7+ Ke8 34. Rxb7 Rc1+ 35. Kg2 Rc2+ 36. Kg3 Re2 37. Rh7 Re3+ 38. Kf4 1-0

[Event "Ct. Lleida indiv. Absolut A"]
[Site "?"]
[Date "2011.10.09"]
[Round "1.11"]
[White "Arnillas Moles, J."]
[Black "Ortiz Navarro, MA."]
[Result "1-0"]
[WhiteElo "1737"]
[BlackElo "2007"]
[PlyCount "35"]
[EventDate "2011.??.??"]
[EventType "swiss"]

1. e4 e6 2. d4 d5 3. Nc3 Bb4 4. Qg4 Nf6 5. Qxg7 Rg8 6. Qh6 Rg6 7. Qe3 dxe4 8.
Nge2 Nc6 9. a3 Ba5 10. Bd2 Bb6 11. Nxe4 Nxd4 12. O-O-O Nb3+ 13. Qxb3 Nxe4 14.
Qa4+ Bd7 15. Qxe4 Bc6 16. Qe5 Qd5 17. Qxd5 Bxd5 18. Nf4 1-0

[Event "Ct. Lleida indiv. Absolut A"]
[Site "?"]
[Date "2011.10.12"]
[Round "2.2"]
[White "Monell Camarasa, D."]
[Black "Monfa Sole, R."]
[Result "1-0"]
[WhiteElo "2212"]
[BlackElo "2040"]
[PlyCount "97"]
[EventDate "2011.??.??"]
[EventType "swiss"]

1. d4 d6 2. Nf3 f5 3. g3 g6 4. b4 Bg7 5. Bb2 c6 6. c4 d5 7. Nbd2 Nf6 8. Bg2 O-O
9. O-O h6 10. Ne5 Kh7 11. Qc2 Ne4 12. cxd5 cxd5 13. Nb3 Nd7 14. f3 Nd6 15. Rad1
Nxe5 16. dxe5 Nc4 17. Bc1 Qb6+ 18. Kh1 e6 19. e4 Nxe5 20. exd5 exd5 21. Qc5 Qa6
22. Rxd5 Nd3 23. Qe7 Nxc1 24. Rxc1 Qe6 25. Rc7 Rf7 26. Qxe6 Bxe6 27. Rxf7 Bxd5
28. Re7 Rc8 29. h4 Rc2 30. h5 Rxa2 31. Nd4 Kg8 32. Rd7 Bxd4 33. Rxd5 Ra1+ 34.
Kh2 Bg1+ 35. Kh3 gxh5 36. Rxf5 b6 37. Rxh5 Kg7 38. Rd5 a5 39. bxa5 Rxa5 40.
Rd7+ Kg6 41. Rd6+ Kg7 42. Bf1 Rh5+ 43. Kg2 Bc5 44. Rd7+ Kf6 45. f4 Be7 46. Rb7
Bc5 47. Bc4 Bd4 48. Rf7+ Kg6 49. Rd7 1-0

[Event "Ct. Lleida indiv. Absolut A"]
[Site "?"]
[Date "2011.10.12"]
[Round "2.3"]
[White "Pera Lucas, E."]
[Black "Campos Olaya, I."]
[Result "1-0"]
[WhiteElo "1983"]
[BlackElo "2173"]
[PlyCount "89"]
[EventDate "2011.??.??"]
[EventType "swiss"]

1. e4 Nf6 2. e5 Nd5 3. d4 d6 4. c4 Nb6 5. exd6 cxd6 6. Nc3 g6 7. Bd3 Bg7 8.
Nge2 Nc6 9. Be3 O-O 10. O-O Bg4 11. Qd2 Bxe2 12. Nxe2 d5 13. b3 dxc4 14. Bxc4
e6 15. Rad1 Nd5 16. Bxd5 exd5 17. Bh6 Re8 18. Bxg7 Kxg7 19. f4 f5 20. Rf3 Re4
21. Re3 Rc8 22. Rxe4 fxe4 23. Rc1 Ne7 24. Qb4 Rxc1+ 25. Nxc1 Qc7 26. Ne2 Kf7
27. g3 b6 28. Qc3 Qd7 29. a3 h5 30. b4 a6 31. Qb3 Qb5 32. Kf2 Ke6 33. a4 Qc6
34. Nc3 Kf5 35. Ne2 Ng8 36. b5 axb5 37. Qxb5 Qe6 38. Qb3 Nh6 39. h3 Kf6 40. Kg2
Nf5 41. g4 hxg4 42. hxg4 Nh4+ 43. Kg3 g5 44. fxg5+ Kxg5 45. Qe3+ 1-0

[Event "Ct. Lleida indiv. Absolut A"]
[Site "?"]
[Date "2011.10.12"]
[Round "2.4"]
[White "Codina Garcia, J."]
[Black "Villa Gimenez, C."]
[Result "1-0"]
[WhiteElo "2128"]
[BlackElo "2027"]
[PlyCount "117"]
[EventDate "2011.??.??"]
[EventType "swiss"]

1. Nf3 c5 2. b3 Nc6 3. Bb2 d5 4. e3 f6 5. d4 Bg4 6. Be2 cxd4 7. exd4 Nh6 8. O-O
Nf7 9. Nbd2 Bxf3 10. Nxf3 e5 11. dxe5 fxe5 12. Bb5 d4 13. Re1 Bb4 14. Nxe5 Bxe1
15. Nxc6 Bxf2+ 16. Kh1 bxc6 17. Bxc6+ Kf8 18. Qf3 Rc8 19. Ba3+ Kg8 20. Bd5 Qf6
21. Qg4 Re8 22. Qd7 Rf8 23. Rf1 g6 24. Bxf8 Kxf8 25. Bxf7 Qxf7 26. Qxf7+ Kxf7
27. Rxf2+ Ke6 28. Kg1 Rc8 29. Kf1 Rc7 30. Ke1 Ke5 31. Kd2 Ke4 32. Rf8 Ke5 33.
Re8+ Kd5 34. Re2 Kd6 35. Kd3 Kd5 36. Re8 Rc3+ 37. Kd2 Rc7 38. Rf8 Ke5 39. Rf3
Ke4 40. c3 dxc3+ 41. Rxc3 Rf7 42. Ke2 Kd4 43. Rc4+ Kd5 44. Kd3 Rf2 45. Rc2 Rf7
46. b4 Kd6 47. Kc4 Rf4+ 48. Kb5 a6+ 49. Ka5 Kd5 50. a3 Rf6 51. a4 Kd4 52. b5
axb5 53. axb5 Kd3 54. Rb2 Kc3 55. Ra2 Kb3 56. Re2 Kc4 57. b6 Kd3 58. Ra2 Kc4
59. b7 1-0

[Event "Ct. Lleida indiv. Absolut A"]
[Site "?"]
[Date "2011.10.12"]
[Round "2.5"]
[White "Llavall Sans, D."]
[Black "Arnillas Moles, J."]
[Result "1-0"]
[WhiteElo "2049"]
[BlackElo "1737"]
[PlyCount "97"]
[EventDate "2011.??.??"]
[EventType "swiss"]

1. c4 e5 2. Nc3 Nc6 3. Nf3 f5 4. e3 e4 5. Ng1 Nf6 6. d3 Bb4 7. Bd2 a5 8. dxe4
fxe4 9. Nge2 d6 10. Ng3 Qe7 11. Qc2 Bxc3 12. Bxc3 Nb4 13. Qd2 Bg4 14. h3 Bd7
15. Bxb4 axb4 16. Qxb4 O-O 17. Be2 h5 18. Qd2 Qf7 19. h4 Bc6 20. O-O Qe7 21.
Qd4 Ra5 22. b4 Re5 23. b5 Bd7 24. b6 c5 25. Qd2 Bc6 26. Rfd1 Ne8 27. Bxh5 Qxh4
28. Bxe8 Rexe8 29. Qxd6 Rf6 30. Qc7 Ref8 31. Rd2 Rh6 32. a4 Qh2+ 33. Kf1 Rg6
34. Rd8 Be8 35. Rxe8 Rxe8 36. Rd1 Qh4 37. Rd5 Rf8 38. Kg1 Qf6 39. Rf5 Qa1+ 40.
Kh2 Rh6+ 41. Rh5 Rxh5+ 42. Nxh5 Rxf2 43. Qd8+ Rf8 44. Qd5+ Kh8 45. Qxe4 Qd1 46.
Qg6 Qd7 47. e4 Re8 48. Nxg7 Re6 49. Qxe6 1-0

[Event "Ct. Lleida indiv. Absolut A"]
[Site "?"]
[Date "2011.10.12"]
[Round "2.6"]
[White "Parramon Guillaumet, J."]
[Black "Gensana Berzunces, J."]
[Result "1/2-1/2"]
[WhiteElo "1905"]
[BlackElo "1997"]
[PlyCount "46"]
[EventDate "2011.??.??"]
[EventType "swiss"]

1. d4 Nf6 2. c4 e6 3. Nf3 Bb4+ 4. Bd2 Qe7 5. a3 Bxd2+ 6. Nbxd2 d5 7. e3 O-O 8.
Bd3 Nbd7 9. O-O e5 10. dxe5 Nxe5 11. Qc2 Nxd3 12. Qxd3 dxc4 13. Qxc4 Be6 14.
Qc2 Bd5 15. Rac1 c6 16. Rfe1 Ne4 17. Nxe4 Bxe4 18. Qe2 Bxf3 19. Qxf3 Rad8 20.
Red1 Rxd1+ 21. Rxd1 Rd8 22. g3 g6 23. Rxd8+ Qxd8 1/2-1/2

[Event "Ct. Lleida indiv. Absolut A"]
[Site "?"]
[Date "2011.10.12"]
[Round "2.8"]
[White "Trepat Herranz, J."]
[Black "Vallverdu Miret, O."]
[Result "1-0"]
[WhiteElo "2348"]
[BlackElo "2076"]
[PlyCount "71"]
[EventDate "2011.??.??"]
[EventType "swiss"]

1. e4 c6 2. c4 d5 3. exd5 cxd5 4. cxd5 Nf6 5. Qa4+ Nbd7 6. Nc3 g6 7. Nf3 Bg7 8.
Bc4 O-O 9. d3 Nb6 10. Qb3 Bg4 11. Be3 Bxf3 12. gxf3 Nfd7 13. f4 Rc8 14. Ne4
Nxc4 15. dxc4 Nb6 16. Rc1 Bxb2 17. Qxb2 Nxc4 18. Qd4 Qa5+ 19. Ke2 Qxa2+ 20. Kf3
Nxe3 21. fxe3 Rxc1 22. Rxc1 Qxh2 23. d6 f5 24. Ng3 exd6 25. Rc7 Qh6 26. Qd5+
Kh8 27. Qxd6 a5 28. Qe5+ Kg8 29. Qd5+ Kh8 30. Qxa5 g5 31. Qe5+ Kg8 32. fxg5
Qxg5 33. Qe6+ Kh8 34. Qe7 Qxe7 35. Rxe7 f4 36. exf4 1-0

[Event "Ct. Lleida indiv. Absolut A"]
[Site "?"]
[Date "2011.10.12"]
[Round "2.9"]
[White "Bedoya Ribo, J."]
[Black "Gutierrez Martos, FE."]
[Result "0-1"]
[WhiteElo "1909"]
[BlackElo "2072"]
[PlyCount "41"]
[EventDate "2011.??.??"]
[EventType "swiss"]

1. d4 e5 2. dxe5 Nc6 3. Nf3 Qe7 4. e3 Nxe5 5. Nxe5 Qxe5 6. Be2 Nf6 7. O-O d5 8.
Qd4 Qe6 9. b3 Bd6 10. Bb2 Be7 11. c4 dxc4 12. Qxc4 O-O 13. Qxe6 fxe6 14. Bf3
Rb8 15. Nd2 b5 16. Ne4 Nxe4 17. Bxe4 Kf7 18. Rfd1 g6 19. Rac1 Ke8 20. h3 b4 21.
Bc6+ {irreproduible} 0-1

[Event "Ct. Lleida indiv. Absolut A"]
[Site "?"]
[Date "2011.10.12"]
[Round "2.10"]
[White "Ortiz Navarro, MA."]
[Black "Palau Cabases, A."]
[Result "0-1"]
[WhiteElo "2007"]
[BlackElo "1899"]
[PlyCount "56"]
[EventDate "2011.??.??"]
[EventType "swiss"]

1. d4 Nf6 2. Bg5 e6 3. Nf3 c5 4. e3 cxd4 5. exd4 Nc6 6. Bd3 Qa5+ 7. Bd2 Qb6 8.
O-O Nxd4 9. Nxd4 Qxd4 10. Bc3 Qg4 11. Be2 Qg5 12. Nd2 b6 13. Bf3 d5 14. Re1 Nd7
15. Nc4 Ba6 16. Bxd5 O-O-O 17. Bxe6 fxe6 18. Nd6+ Bxd6 19. Qxd6 Bb7 20. g3 Nc5
21. Qe5 Qxe5 22. Bxe5 Rd7 23. b4 Na6 24. a3 Rf8 25. Re3 g6 26. f4 Rd2 27. Rc3+
Kd7 28. Re1 Rc8 0-1

[Event "Ct. Lleida indiv. Absolut A"]
[Site "?"]
[Date "2011.10.12"]
[Round "2.11"]
[White "Perez Cabas, J."]
[Black "Rodon Balcells, J."]
[Result "1-0"]
[WhiteElo "1964"]
[BlackElo "1879"]
[PlyCount "111"]
[EventDate "2011.??.??"]
[EventType "swiss"]

1. e4 d5 2. exd5 Nf6 3. d4 Nxd5 4. Nf3 Bg4 5. Be2 e6 6. O-O Be7 7. c4 Nf6 8.
Be3 O-O 9. h3 Bh5 10. Ne5 Bxe2 11. Qxe2 c6 12. Nc3 Nbd7 13. f4 g6 14. Rad1 Nh5
15. Qf3 Qc7 16. Bf2 f5 17. Rfe1 Bb4 18. d5 Bxc3 19. bxc3 exd5 20. cxd5 Rf6 21.
Bh4 Rd6 22. Be7 Nxe5 23. fxe5 Rxd5 24. Rxd5 Qxe7 25. Rd6 Re8 26. Qd1 Qg5 27.
Qb3+ Kh8 28. Qf7 Qe7 29. Rd7 Qxf7 30. Rxf7 Nf4 31. Rd7 b5 32. Rd6 h5 33. h4 c5
34. g3 Ne6 35. Kf2 c4 36. Rd5 a6 37. a4 bxa4 38. Ra1 Rc8 39. Rxa4 Nc5 40. Ra5
Ne4+ 41. Kf3 Rc6 42. Kg2 Rb6 43. Rd8+ Kg7 44. Ra8 Rb2+ 45. Kf3 Rf2+ 46. Ke3 Rg2
47. R5xa6 Rxg3+ 48. Kd4 Rd3+ 49. Kxc4 Rxc3+ 50. Kd4 Rc7 51. R6a7 Rxa7 52. Rxa7+
Kf8 53. e6 g5 54. hxg5 Nxg5 55. Ke5 f4 56. Kf6 1-0

[Event "Ct. Lleida indiv. Absolut A"]
[Site "?"]
[Date "2011.10.12"]
[Round "2.12"]
[White "Alba Tarradelles, J."]
[Black "Biosca Lacasa, J."]
[Result "1-0"]
[WhiteElo "1888"]
[BlackElo "1957"]
[PlyCount "131"]
[EventDate "2011.??.??"]
[EventType "swiss"]

1. d4 d5 2. c4 c6 3. Nc3 Nf6 4. Nf3 Bf5 5. cxd5 Nxd5 6. Qb3 Qb6 7. Qxb6 axb6 8.
Nxd5 cxd5 9. e3 Nc6 10. Bb5 f6 11. Bd2 e6 12. O-O Bd6 13. Rfc1 Kd7 14. a3 g5
15. Ne1 h5 16. Nd3 Bxd3 17. Bxd3 Rhc8 18. Bb5 Rc7 19. Rc2 Kd8 20. Rac1 Rac8 21.
f3 Na5 22. Rxc7 Bxc7 23. Rc3 Nc4 24. Bc1 Nd6 25. Bd3 Kd7 26. g3 g4 27. Kg2 f5
28. Bd2 gxf3+ 29. Kxf3 Ne4 30. Rc2 Rg8 31. Bb5+ Kd8 32. Be1 Rg4 33. Be2 h4 34.
Kg2 Rg7 35. g4 h3+ 36. Kxh3 Rh7+ 37. Kg2 Rxh2+ 38. Kg1 fxg4 39. Bd3 Rxc2 40.
Bxc2 Ke7 41. Bxe4 dxe4 42. Kg2 Kf7 43. Bg3 Bd8 44. Be5 Kg6 45. Kg3 Kh5 46. a4
Bh4+ 47. Kg2 Be1 48. b3 Bd2 49. Bf4 Kh4 50. Bg3+ Kg5 51. Bf2 Kf5 52. Kg3 Bc3
53. Bg1 Bb4 54. Bf2 Bd6+ 55. Kg2 Kg5 56. Be1 Kf5 57. Bh4 e5 58. Bg3 Ke6 59.
Bxe5 Bxe5 60. dxe5 Kxe5 61. Kg3 Kd5 62. Kxg4 Kc5 63. Kf4 Kb4 64. Kxe4 Kxb3 65.
Kd4 Kxa4 66. e4 1-0

[Event "Ct. Lleida indiv. Absolut A"]
[Site "?"]
[Date "2011.10.12"]
[Round "2.13"]
[White "Palacios Exposito, P."]
[Black "Reves Areste, J."]
[Result "1/2-1/2"]
[WhiteElo "1876"]
[BlackElo "1916"]
[PlyCount "101"]
[EventDate "2011.??.??"]
[EventType "swiss"]

1. e4 d5 2. exd5 Qxd5 3. Nc3 Qd6 4. d4 Nf6 5. Nb5 Qd8 6. Bf4 Nd5 7. Bd2 c6 8.
Na3 Bf5 9. Nf3 e6 10. Nc4 Be7 11. a3 Nd7 12. b4 Qc7 13. Nce5 Nxe5 14. dxe5 Rd8
15. Qc1 Be4 16. Qb2 O-O 17. c4 Nb6 18. Be2 Bd3 19. Bxd3 Rxd3 20. Rc1 Rfd8 21.
O-O c5 22. Be3 Qc6 23. b5 Qe4 24. Qa2 h6 25. h3 Nc8 26. Rfe1 Qf5 27. a4 b6 28.
a5 f6 29. exf6 Bxf6 30. axb6 axb6 31. Qe2 Ne7 32. Rc2 Ng6 33. Bc1 Nf8 34. Nh2
Bc3 35. Rf1 Qg6 36. Ng4 h5 37. Ne3 Nh7 38. Ra2 Ba5 39. Kh1 Ng5 40. Rc2 Ne4 41.
Qf3 Nc3 42. Qg3 Qe4 43. Bb2 Rxe3 44. Qxe3 Qxc2 45. Qxe6+ Kh8 46. Qe7 Qd3 47.
Rc1 Kh7 48. Qe5 Rd4 49. Qxh5+ Kg8 50. Qe8+ Kh7 51. Qh5+ 1/2-1/2

[Event "Ct. Lleida indiv. Absolut A"]
[Site "?"]
[Date "2011.10.12"]
[Round "2.14"]
[White "Degracia Burgues, JA."]
[Black "Rodriguez Moles, J."]
[Result "1-0"]
[WhiteElo "1915"]
[BlackElo "1669"]
[PlyCount "35"]
[EventDate "2011.??.??"]
[EventType "swiss"]

1. e4 e5 2. Nf3 Nc6 3. Bc4 Nf6 4. d4 exd4 5. e5 Ne4 6. O-O Be7 7. c3 dxc3 8.
Qd5 O-O 9. Qxe4 cxb2 10. Bxb2 Nb4 11. a3 Nc6 12. Rd1 Kh8 13. Bd3 g6 14. Nc3 f5
15. Qe3 f4 16. Qe4 d6 17. exd6 Bf5 18. dxe7 1-0